| 000 | 00464nam a2200181Ia 4500 | ||
|---|---|---|---|
| 001 | 15479 | ||
| 005 | 20260306170159.0 | ||
| 008 | 260306t2013||||xx |||||||||||||| ||und|| | ||
| 041 | _aESP | ||
| 082 |
_a540.076 _bC254 2013 |
||
| 100 |
_aCliment Olmedo, María José _eAUT |
||
| 245 | 0 |
_aQuímica para ingeniería: _bproblemas y prácticas |
|
| 260 | _c2013 | ||
| 300 |
_a252 páginas : _c24 cm. |
||
| 650 | _aGEN | ||
| 654 | _aCCN | ||
| 942 |
_cLIB _dJUS _fJUS _2ddc _n |
||
| 999 |
_c15479 _d15479 |
||